000 00197 a2200097 4500
020 _a087577917603
041 _aspa
100 _aVivian French
245 _aOjala fuera un extraterrestre
942 _cBK
999 _c9314
_d9314